000 00436cam a22001934a 4500
005 20250605164332.0
008 250528s ||||||||||||||||||||||||d
035 _a23290
020 _a7345759
040 _aGR-AtMCL
_bgre
_dGR-AtMCL
_eAACR2
245 1 _aAnalytic geometry
250 _a1st
260 _bMcgraw Hill,
_c1950
300 _a150
700 1 _aKindle Joseph
_98874
942 _cBK
999 _c8317
_d8317